| 000 | 00601nam a22002057a 4500 | ||
|---|---|---|---|
| 003 | 0 | ||
| 005 | 20230928082310.0 | ||
| 008 | 230928b xxu||||| |||| 00| 0 eng d | ||
| 020 | _a978-621-418-162-9 | ||
| 050 |
_aP 90 _b.M37 2021 |
||
| 100 | _aMariveles, Hannah P. | ||
| 245 |
_aPurposive communication _c Hannah P. Mariveles |
||
| 250 | _aSecond edition | ||
| 260 |
_aQuezon City _bWiseman's Book Trading, Inc. _cc2021. |
||
| 300 |
_aiv, 140 pages ; _c26 cm. |
||
| 500 | _aCommunication. | ||
| 504 | _aIncludes bibliographical references. | ||
| 650 | _aCommunication. | ||
| 942 |
_2lcc _cBK |
||
| 999 |
_c365422 _d365422 |
||